| 000 | 00554cam a2200145 4500500 | ||
|---|---|---|---|
| 005 | 20260208001104.0 | ||
| 041 | _afre | ||
| 042 | _adc | ||
| 100 | 1 | 0 |
_aCésar, Christine _eauthor |
| 245 | 0 | 0 | _aLe Sang des fleurs : une anthropologie de l’abeille et du miel, Gilles Tétart, Odile Jacob, 2004, 288 p. |
| 260 | _c2005. | ||
| 500 | _a13 | ||
| 786 | 0 | _nNatures Sciences Sociétés | 13 | 4 | 2005-12-01 | p. 461j-476j | 1240-1307 | |
| 856 | 4 | 1 | _uhttps://stm.cairn.info/revue-natures-sciences-societes-2005-4-page-461j?lang=fr&redirect-ssocas=7080 |
| 999 |
_c1644344 _d1644344 |
||